| 000 | 00358cam a2200145ua 4500 | ||
|---|---|---|---|
| 041 |
_aeng _h |
||
| 082 |
_a425 _bVAL/BE |
||
| 100 | _aVallins, G H . | ||
| 245 |
_aBetter English / _cG H Vallins. _hTextual Documents |
||
| 260 |
_aLondon : _bEnglish Language Book Society , _c1963. |
||
| 300 | _a224 ; . | ||
| 504 | _a | ||
| 942 | _cBK | ||
| 999 |
_c12652 _d12652 |
||